Open Data Biblioteca Nacional de Portugal


República Portuguesa: Ministério da Cultura
Biblioteca Nacional de Portugal

Catálogo da BNP: acesso por Identificadores Unívocos
Registos Bibliográficos associados ao registo de autoridade

Etiqueta de registo: 01056cas 022003371 04500
001 588434
003 http://id.bnportugal.gov.pt/bib/catbnp/588434
005 19990104000000.0
095 ## $aPTBN00797725
100 ## $a19960226a1994 m y0pory0103 ba
101 0# $apor
102 ## $aPT
106 ## $ar
110 ## $aahazz..0yy0
200 1# $aRevista de marketing e comércio internacional$fEscola Profissional de Comércio Externo$gdir. António Vinhal
210 #9 $aPorto$cEcec Multimedia,$d[1994]-
215 ## $d30 cm
303 ## $aDescrição baseada em: a. 1, n. 2 (Abr. / Jun. 1994)
326 ## $aTrimestral
620 ## $dPorto
675 ## $a658.8(05)$vBN$zpor$3297372
675 ## $a339.5(05)$vBN$zpor$3298673
702 #1 $aVinhal,$bAntónio$4300$3252651
712 02 $aEscola Profissional de Comércio Externo$4650$356108
801 #0 $aPT$bBN$gRPC
930 ## $lBN$mBG$dP.P. 22675 V.$jA. 1, n. 2 (Abr. / Jun. 1995)-
930 ## $lUCBG$d10-29 B-1232
930 ## $lBPMP$dP-B-9321
966 ## $c2$lBN$mFGREV$sP.P. 22675 V.$x1
966 ## $c2$lBN$mFGREV$sP.P. 22675 V.$x1

Etiqueta de registo: 00000nam 2200025 450
001 2276996
003 http://id.bnportugal.gov.pt/bib/catbnp/2276996
021 ## $aPT$b548964/25
100 ## $a20260306d2025 m y0pory01030103ba
101 0# $apor
102 ## $aPT
105 ## $aa z 000yy
106 ## $ar
200 1# $aCampia, terra onde vale a pena viver$fLino Vinhal$gcolab. António Vinhal
210 #9 $aCampia$cNotícias de Vouzela,$dD.L. 2025
215 ## $a171 p.$cil.$d23 cm
675 ## $a908(469.312)"19/20"$vBN$zpor$31891507
700 #1 $aVinhal,$bLino$3230676
702 #1 $aVinhal,$bAntónio$4205$3252651
801 #0 $aPT$bBN$gRPC
856 41 $uhttp://rnod.bnportugal.gov.pt/ImagesBN/winlibimg.aspx?skey=&doc=2276996&img=221136&save=true
966 ## $lBN$mFGMON$sH.G. 89097 V.$x1
966 ## $lBN$mFGMON$sH.G. 89097 V.-D$x1
971 ## $cisantos$d20260306
973 ## $ctrodrigues$d20260408

OpendataBNP@bnportugal.pt | Mais informação sobre acesso aos dados BNP